|
|
|
|
| LEADER |
00000nam a22000007a 4500 |
| 005 |
2021051209029.0 |
| 007 |
cr|||| |||| |
| 008 |
210512s2016 co |||||s|||| 00||0 spa d |
| 020 |
|
|
|a 978-958-762-596-7
|
| 035 |
|
|
|a 33412
|
| 040 |
|
|
|a vLex
|
| 090 |
|
|
|c 11647
|d 11647
|
| 100 |
1 |
|
|a De Luis, Alejandro
|
| 245 |
1 |
0 |
|a Trading ¿Cm̤o hacer una mesa con tres patas?
|h [Recurso electrn̤ico] :
|b Money, Method and Mind /
|c Alejandro De Luis
|
| 256 |
|
|
|a Servicio en ln̕ea
|
| 260 |
|
|
|a Bogot:̀
|b Ediciones de la U,
|c 2016
|
| 300 |
|
|
|a 1 recurso electrn̤ico
|
| 500 |
|
|
|a ¿En qu ̌se parece el Trading a una mesa? En mucho.Claro,si šta tiene tres patas.Y,¿cm̤o se puede hacer una mesa con tres patas? Obviamente sabiendo muy bien dn̤de colocar cada una y midiendo con cuidado la distancia entre ellas para que ningn︢ peso pueda desequilibrarla. El trading no es muy diferente:cada una de sus tres patas, Money-Riesgo, Method-Mťodo y Mind-Psicologa̕ forman la base para poder encontrar un Trading consistente. Para que toda nuestra operativa no se derrumbe,las tres deben estar completamente equilibradas. Explicado de una forma sencilla y amena,incluso en tono de humor, Alejandro nos da algunas de las claves que todos los traders tienen presente y que cualquier persona debera̕ saber antes de lanzarse a hacerTrading.Y por supuesto,una mesa de tres patas.
|
| 506 |
1 |
|
|a Disponible solo en los productos indicados
|d vLex Global
|d vLex Global (Academic Edition, excluding Law Schools)
|d vLex Global (U.S. Academic Edition, Law Schools)
|d vLex Global (U.S. Academic Edition, excluding Law Schools)
|d vLex Global (Academic Edition, Law Schools)
|
| 650 |
0 |
4 |
|a Banca y finanzas
|z Colombia
|
| 740 |
0 |
|
|a vLex Libros (Servicio en ln̕ea)
|
| 856 |
4 |
0 |
|u https://vlex.com/source/trading-como-hacer-una-mesa-con-tres-patas-money-method-and-mind-33412
|z Acceso restringido
|
| 942 |
|
|
|c BOOK
|
| 999 |
0 |
|
|a Banking and finance
|